| 000 | 01861nam0a2200325 4500 | ||
|---|---|---|---|
| 001 | RU\NLR\bibl\977280 | ||
| 005 | 20260210120741.0 | ||
| 010 |
_a5-7017-0831-4 _9100 |
||
| 021 |
_aRU _b2006-41696 _92084 |
||
| 035 | _a(NLR Aleph) 000965200 | ||
| 090 |
_a364569 _c364569 |
||
| 100 | _a20060822d2005 u y0rusy50 ca | ||
| 101 | 0 | _arus | |
| 102 | _aRU | ||
| 105 | _aa ||||||||| | ||
| 200 | 1 |
_aУправление качеством образования на муниципальном уровне и на уровне образовательного учреждения: анализ результатов единого государственного экзамена в Московской области в 2005 году _eсборник информационно-методических материалов _fМ-во образования Моск. обл., Акад. социал. упр. _g[сост.: Запалацкая В.С. и др. _gред. совет : Антонова Л.Н. - пред. и др.] |
|
| 210 |
_aМосква _cАСОУ _d2005 |
||
| 215 |
_a278, [1] с. _cил., факс. _d21 |
||
| 606 | 1 |
_aЕдиный государственный экзамен _yМосковская область _92420619 _3RU\NLR\AUTH\661441564 |
|
| 686 | 1 | _aЧ421.385 | |
| 702 | 1 |
_aЗапалацкая _bВ. С. _gВероника Станиславовна _4220 |
|
| 702 | 1 |
_4340 _7ca _8rus _aАнтонова _bЛ. Н. _cд-р пед. наук, гос. деятель _f1950- _gЛидия Николаевна _911359 _3RU\NLR\AUTH\7728328 |
|
| 712 | 0 | 2 |
_4570 _aАкадемия социального управления _cМосква _9662663 _3RU\NLR\AUTH\8810080266 |
| 801 | 0 |
_aRU _bNLR _c20060822 _grcr |
|
| 801 | 1 |
_aRU _bNLR _c20060822 |
|
| 830 | _aАвт. по ЭК | ||
| 942 | _cUNSPEC | ||
| 980 | _aNB | ||